| 000 | 00398nam a2200157 a 4500 | ||
|---|---|---|---|
| 001 | 4563 | ||
| 003 | CDMR | ||
| 005 | 20131114174226.0 | ||
| 008 | 130130s2001||||||||||||||||||||||||||||d | ||
| 040 |
_aCDMR _bcat _cCPC GIRONA |
||
| 245 | 0 |
_aFita _b: Rostres |
|
| 260 |
_c2001-2002 _bFundació Fita |
||
| 300 | _a2 v. | ||
| 502 | _aConté: 1,- Rostres 1942-1992 ; 2.- Rostres 1992-2002 | ||
| 942 |
_cMON _2udc |
||
| 999 |
_c4563 _d4563 |
||